Gaming Quiz

Random Gaming or Toys Quiz
Score 0/15 Timer 03:00
2 Plays Today
% Correct
Furby
96.8%
Crayola Crayons
96%
Skateboard
95.7%
Lego
95.2%
Slinky
94.5%
Barbie
93.7%
Rubik's Cube
93%
Frisbee
91.5%
% Correct
Hula Hoop
91.4%
Etch A Sketch
90.4%
Tamagotchi
88.4%
Teenage Mutant Ninja Turtles
86.6%
Super Soaker
86%
View-Master
85.8%
Lincoln Logs
84.8%
Remove Ads.
Support Sporcle.
Get the best of Sporcle when you Go Orange. This ad-free experience offers more features, more stats, and more fun while also helping to support Sporcle. Thank you for becoming a member.

You're not logged in!

Compare scores with friends on all Sporcle quizzes.
OR
Log In

Show Comments

Extras

Top Quizzes Today


Score Distribution

Your Account Isn't Verified!

In order to create a playlist on Sporcle, you need to verify the email address you used during registration. Go to your Sporcle Settings to finish the process.

Report this User

Report this user for behavior that violates our Community Guidelines.

Details: